| 000 | 00942cam a2200253 i 4500 | ||
|---|---|---|---|
| 001 | BD-DhSAU 488 | ||
| 003 | BD-DhSAU | ||
| 005 | 20150101005532.0 | ||
| 008 | 800131s1980 coua b 101 0 eng | ||
| 020 |
_a0891586784 : _c$38.50 (est.) |
||
| 040 | _cBD-DhSAU | ||
| 082 | 0 | 0 |
_a633.3409072 _222 _bWOR |
| 111 | 2 |
_aWorld Soybean Research Conference _n(2nd : _d1979 : _cNorth Carolina State University) |
|
| 245 | 0 | 0 |
_aWorld Soybean Research Conference II : _bproceedings / _cedited by Frederick T. Corbin. |
| 260 |
_aBoulder, Colo. : _bWestview Press, _c1980. |
||
| 300 |
_axv, 897 p. : _bill. ; _c24 cm. |
||
| 500 | _a"Conference sponsors: Agency for International Development ... [et al.]" | ||
| 504 | _aIncludes bibliographies and index. | ||
| 590 | _aIMRAN | ||
| 650 | 0 |
_aSoybean _xCongresses. |
|
| 650 | 0 |
_aSoybean products _xCongresses. |
|
| 700 | 1 | _aCorbin, Frederick T. | |
| 710 | 1 |
_aUnited States. _bAgency for International Development. |
|
| 942 |
_2ddc _cBOOK |
||
| 999 |
_c488 _d488 |
||